Statistics for 10 Closest capitals to Amsterdam

Click here to take the quiz!

General Stats

  • This quiz has been taken 280 times
  • The average score is 9 of 10

Answer Stats

KmsAnswer% Correct
575Berlin
100%
356London
99%
428Paris
99%
173Brussels
97%
316Luxembourg
92%
621Copenhagen
91%
631Bern
90%
757Dublin
89%
711Prague
71%
677Vaduz
63%

Score Distribution

Percentile by Number Answered

Percent of People with Each Score

Your Score History

You have not taken this quiz